The physiology of fishes
Beginning with an introduction to the systematics of fishes, this book goes on to discuss topics including: swimming and buoyancy mechanisms; the inner ear and lateral lines; electrosensation; anatomy and the physiology of the cardiovascular system; and osmoregulation.
Đã lưu trong:
| Format: | Bog |
|---|---|
| Sprog: | Undetermined |
| Udgivet: |
Boca Raton, FL
CRC Press
1993
|
| Fag: | |
| Tags: |
Tilføj Tag
Ingen Tags, Vær først til at tagge denne postø!
|
| Thư viện lưu trữ: | Trung tâm Học liệu Trường Đại học Cần Thơ |
|---|
| LEADER | 00769nam a2200205Ia 4500 | ||
|---|---|---|---|
| 001 | CTU_149179 | ||
| 008 | 210402s9999 xx 000 0 und d | ||
| 020 | |b 97 | ||
| 082 | |a 571.17 | ||
| 082 | |b P578 | ||
| 245 | 4 | |a The physiology of fishes | |
| 245 | 0 | |c Edited by David Hudson Evans | |
| 260 | |a Boca Raton, FL | ||
| 260 | |b CRC Press | ||
| 260 | |c 1993 | ||
| 520 | |a Beginning with an introduction to the systematics of fishes, this book goes on to discuss topics including: swimming and buoyancy mechanisms; the inner ear and lateral lines; electrosensation; anatomy and the physiology of the cardiovascular system; and osmoregulation. | ||
| 650 | |a Fishes | ||
| 650 | |x Physiology | ||
| 904 | |i Minh | ||
| 980 | |a Trung tâm Học liệu Trường Đại học Cần Thơ | ||